El milenario de Avicena / (Record no. 19651)

MARC details
000 -LEADER
campo de control de longitud fija 00564nam a2200181 i 4500
001 - NÚMERO DE CONTROL
campo de control 19651
003 - IDENTIFICADOR DE NÚMERO DE CONTROL
campo de control ES-MaACL
005 - FECHA Y HORA DE LA ÚLTIMA TRANSACCIÓN
campo de control 20230906152135.0
007 - CAMPO FIJO DE DESCRIPCIÓN FÍSICA--INFORMACIÓN GENERAL
campo de control de longitud fija t|
008 - DATOS DE LONGITUD FIJA--INFORMACIÓN GENERAL
campo de control de longitud fija 021007s1953 sp ||||1| spa d
100 1# - ENTRADA PRINCIPAL--NOMBRE DE PERSONA
Nombre de persona Abelló, Palmira,
Fechas asociadas al nombre 1934-
9 (RLIN) 18079
245 13 - MENCIÓN DEL TÍTULO
Título El milenario de Avicena /
Mención de responsabilidad, etc. por Palmyra Abelló.
260 ## - PUBLICACIÓN, DISTRIBUCIÓN, ETC.
Lugar de publicación, distribución, etc. [Madrid] :
Nombre del editor, distribuidor, etc. [s.n.],
Fecha de publicación, distribución, etc. 1953.
300 ## - DESCRIPCIÓN FÍSICA
Extensión 4 h. :
Otras características físicas il. ;
Dimensiones 34 cm.
500 ## - NOTA GENERAL
Nota general Separata de: Rev. Consejo General Colegio de Médicos, vol. XV, dcbre. 1953, nº 75.
852 ## - LOCALIZACIÓN
Ubicación ES-MaACL
Número de control de estantería 1965-F-3
Sublocalización o colección R.36781
Holdings
Estatus retirado Estado de pérdida Estado de daño No para préstamo Colección Biblioteca de origen Biblioteca actual Ubicación en estantería Fecha de adquisición Fuente de adquisición Total de préstamos Signatura topográfica completa Código de barras Visto por última vez Precio de reemplazo Tipo de ítem Koha
        Colección de folletos Biblioteca del Ateneo de Madrid Biblioteca del Ateneo de Madrid Depósito folletos 17/01/2008     1965-F-3 1020114 23/02/2023 23/02/2023 Folleto